000 00691nam a2200289Ia 4500
005 20260324134715.0
008 008 260324s9999 xx 000 0 eng d
020 _a9780429080074
037 _aEBOOK
040 _aCRL
040 _beng
040 _cCRL
041 _2eng
041 _aeng
084 _qCRL
100 _aFrank Toney
_91197847
245 4 _aThe Superior Project Manager
245 0 _bGlobal Competency Standards and Best Practices
260 _bTaylor and Francis
260 _c2001
365 _a
365 _b560
856 _uhttp://www.taylorfrancis.com/books/9780429080074
942 _cEBOOK
999 _c1798203
_d1798203